00929nam a22002417a 4500003000200000005001700002008004100019050002300060100002500083245012500108260007100233300004700304504005700351650002500408650003400433650003400467650003600501700003400537700003000571700002900601700002700630700003000657020250116124629.0250116b xxu||||| |||| 00| 0 eng d aRT 86.7b.M55 2024 aMercado, Jan Denzell aThe influence of early maternal relationship of middle-aged male filipino nursesc Jan Denzell Mercado [and five others] aLas Pinas CitybSouthville International School and Collegesc2024 aviii, 241 pages : billustrations ;c29cm. aIncludes bibliographical references and appendices.  aNurses—Psychology. aMiddle-aged men—Psychology. aFilipino nurses—Psychology. aMother and child—Philippines. aRaotraot, Hannah Christie C.  aMinguez, Carissa Jane A.  aSolis, Jazmin Bianca R.  aValdellon, Angelyn E.  aValle, Kristine Claire Z.